000 01491nam a2200469 i 4500
001 22441
003 KOSZ 005
005 20200304131618.0
008 990506s1983 pl a f |000 0 pol
015 _aPB 1983/9027
020 _a8321330894
035 _a(PL-WaBN)b12537251-48omnis_nlop
035 _ab12537251
035 _a(OCoLC)830220451
035 _a(PL)b0000012537251
040 _aWA N
_cWA N
_dKOSZ 005/HR
041 0 _apol
080 _a69
080 _a621.3
080 _a621.51/.54
100 1 _aTorbus, Wacław.
_eAutor
245 1 0 _aNarzędzia elektryczne i pneumatyczne w budownictwie /
_cWacław Torbus.
260 _aWarszawa :
_b"Arkady",
_c1983.
300 _a193, [3] s. :
_bfot., rys. ;
_c21 cm.
336 _2rdacontent
_aTekst
_btxt
337 _2rdamedia
_aBez urządzenia pośredniczącego
_bn
338 _2rdacarrier
_aWolumin
_bnc
380 _aKsiążki
388 _a1901-2000
490 1 _aPoradnik / "Arkady"
504 _aBibliogr. s. 193-[194].
650 7 _aNarzędzia elektryczne
_2DBN
658 _aArchitektura i budownictwo
658 _aInżynieria i technika
650 7 _aMaszyny budowlane
_2DBN
650 7 _aMaszyny i narzędzia pneumatyczne
710 2 _aWydawnictwo "Arkady".
_4pbl
830 0 _aPoradnik ("Arkady")
856 _uhttp://koha.tu.koszalin.pl/cgi-bin/koha/opac-detail.pl?biblionumber=22441
_yKatalog online BPK
942 _2UKD
_cKS
999 _c22441
_d22441